000 00369pab a2200145 454500
008 180718b2006 xxu||||| |||| 00| 0 eng d
100 _aKochak, Anjani K.
245 _aDevelopment concerns: China and India
260 _c2006
300 _ap.3565-568.
362 _a19 Aug
650 _aHuman development
773 _aEconomic and Political Weekly
909 _a71326
999 _c71326
_d71326